Rappeurs/rappeuses américain(e)s en images - Statistiques

Statistiques générales
  • Ce quiz a été pris 2 836 fois
    784 depuis la dernière actualisation
  • Le résultat moyen est 40 sur 100
Statistiques - réponses
Par images Réponse % Correct
2Pac
98%
Drake
87%
Jay-Z
87%
Eminem
85%
Kanye West
82%
Snoop Dogg
82%
Cardi B
78%
Ice Spice
76%
XXXTentacion
76%
Travis Scott
74%
Post Malone
71%
Juice WRLD
70%
6ix9ine
69%
50 Cent
68%
The Notorious B.I.G.
68%
Nicki Minaj
67%
A$AP Rocky
66%
Lil Uzi Vert
64%
Mac Miller
64%
21 Savage
63%
Tyler, The Creator
63%
Kendrick Lamar
61%
Lil Wayne
59%
Offset
59%
Dr. Dre
58%
J.Cole
57%
Ice Cube
56%
Lil Peep
56%
Lil Baby
53%
Lil Pump
52%
NLE Choppa
52%
Future
51%
Pop Smoke
51%
Blueface
50%
Quavo
49%
Rick Ross
49%
DaBaby
48%
Trippie Redd
48%
YNW Melly
48%
Young Thug
47%
Lil Tecca
46%
Wiz Khalifa
46%
Lil Mosey
45%
Megan Thee Stallion
45%
Gunna
44%
Lil Durk
44%
Kodak Black
43%
Jack Harlow
42%
NBA Youngboy
40%
Sexyy Red
40%
Lil Yachty
39%
Eazy-E
36%
French Montana
36%
Kid Cudi
36%
Tyga
36%
Doja Cat
35%
Swae Lee
35%
Don Toliver
34%
NAS
34%
Lil Xan
32%
Ludacris
32%
Ty Dolla $ign
32%
Lil Tjay
31%
DMX
27%
Fat Joe
24%
Bobby Shmurda
23%
Polo G
22%
Denzel Curry
21%
NAV
21%
Takeoff
21%
G-Eazy
20%
Gucci Mane
20%
Meek Mill
20%
Tory Lanez
20%
Busta Rhymes
18%
Logic
18%
Ski Mask The Slump God
18%
Xzibit
18%
Coolio
16%
Scheck Wes
16%
T.I.
16%
bbnoS
14%
Yung Lean
14%
Method Man
13%
A Boogie Wit da Hoodie
12%
Big Sean
12%
Fivio Foreign
12%
ScHoolboy Q
12%
Smokepurpp
12%
YG
12%
Kevin Gates
10%
A$AP Ferg
9%
Rich The Kid
9%
Soulja Boy
9%
Ghostemane
8%
2 Chainz
7%
Joey BadaSS
5%
Rakim
5%
MadeinTYO
3%
Joyner Lucas
2%
Aucun quiz correspondant
Distribution des résultats
% des personnes avec chaque résultat
Percentile par nombre de réponses
Votre historique - résultats
Vous n’avez pas pris ce quiz depuis la dernière actualisation